| 000 | 00521nam a2200181Ia 4500 | ||
|---|---|---|---|
| 003 | GCL | ||
| 008 | 140319s9999 xx 000 0 eng d | ||
| 040 |
_aGCL / _cGCL |
||
| 082 | 0 | 4 |
_a650 _bL B |
| 100 | 1 | _aLOUDON, KENNETH. | |
| 245 | 1 | 0 |
_aBUSINESS INFORMATION SYSTEMS: A PROBLEM SOLVING APPROACH,2nd ed / _cLOUDON, KENNETH. |
| 700 | 1 | _aLAUDON, JONE PRICE | |
| 260 |
_a[S.N] : _bTHE DRYDEN PRESS ، _c1993 |
||
| 300 | _a616 P | ||
| 650 | 0 | 4 | _aBUSINESS |
| 650 | 0 | 4 | _aINFORMATION STORAGE AND RETRIEVAL |
| 942 |
_2ddc _cBK |
||
| 999 |
_c16769 _d16769 |
||